[Event "9. Lichtenberger Sommer 2010"]
[Site "Berlin"]
[Date "2010.08.14"]
[Round "8.97"]
[White "Schacht, Thomas"]
[Black "Stiemerling, Karl-Heinz"]
[Result "1-0"]
[WhiteElo "1699"]
[BlackElo "1725"]
[PlyCount "125"]
[EventDate "2010.??.??"]
[WhiteTeam "BSV 63 Chemie Weißensee"]
[BlackTeam "SG Eckturm"]

1. e4 c5 2. Nf3 Nc6 3. d4 cxd4 4. Nxd4 d6 5. Bb5 Bd7 6. Nc3 Qb6 7. Be3 Qa5 8.
a3 Nxd4 9. Bxd7+ Kxd7 10. Bxd4 e5 11. Be3 Nf6 12. O-O Be7 13. Qf3 g6 14. Rfd1
Rad8 15. Nd5 Nxd5 16. Rxd5 Qc7 17. c3 f6 18. Bxa7 b6 19. Qg4+ Kc6 20. Bxb6 Kxb6
21. Qe2 Ra8 22. Rb5+ Kc6 23. Rb4 Kd7 24. Qg4+ Ke8 25. Qe6 Qc8 26. Qd5 Ra7 27.
Rc4 Rc7 28. Ra4 Qd7 29. Ra8+ Bd8 30. c4 Rc5 31. Qd3 Qc6 32. b4 Rxc4 33. Ra7 Bb6
34. Ra8+ Bd8 35. Ra7 Rc1+ 36. Rxc1 Qxc1+ 37. Qf1 Qxf1+ 38. Kxf1 h5 39. a4 Rf8
40. a5 f5 41. exf5 Rxf5 42. b5 e4 43. b6 Rb5 44. Ra8 Kd7 45. Ke2 g5 46. Ke3
Rxa5 47. b7 Rb5 48. b8=Q Rxb8 49. Rxb8 d5 50. Kd4 Bc7 51. Rg8 Ke6 52. Rxg5 Bb6+
53. Kc3 d4+ 54. Kd2 Bc7 55. Rxh5 Bf4+ 56. Kd1 Kf6 57. g3 Be5 58. Rh8 Kf5 59.
Rg8 d3 60. h4 Bd4 61. Kd2 Bb6 62. h5 Ba5+ 63. Kd1 1-0

[Event "9. Lichtenberger Sommer 2010"]
[Site "Berlin"]
[Date "2010.08.14"]
[Round "8.98"]
[White "Wierzbicki, Jirawat"]
[Black "Blasig, Thomas"]
[Result "1-0"]
[WhiteElo "1419"]
[BlackElo "1109"]
[PlyCount "109"]
[EventDate "2010.??.??"]
[WhiteTeam "SG Grün-Weiß Baumschulenweg e.V."]
[BlackTeam "SC Kreuzberg e.V."]

1. e4 d5 2. exd5 Qxd5 3. Nc3 Qd6 4. d4 Nf6 5. Nf3 a6 6. a4 Nc6 7. Be3 Bg4 8.
Be2 e6 9. h3 Bh5 10. O-O O-O-O 11. Ng5 Bxe2 12. Qxe2 Nxd4 13. Bxd4 Qxd4 14.
Nxf7 Bd6 15. Nxd8 Rxd8 16. Qxe6+ Kb8 17. Qf5 Ka7 18. Rad1 Qb6 19. b3 Qc6 20.
Qf3 Qd7 21. Rfe1 Qf7 22. Ne4 Be7 23. Rxd8 Bxd8 24. Nxf6 Bxf6 25. Qe3+ b6 26.
Qe8 Qxe8 27. Rxe8 a5 28. Rc8 Kb7 29. Re8 Kc6 30. Re4 Kd5 31. Rc4 c6 32. Kf1 b5
33. axb5 cxb5 34. Rc8 h6 35. Ra8 Bc3 36. Rb8 Kc5 37. Ra8 Kb4 38. Ke2 a4 39.
bxa4 bxa4 40. Kd1 Bb2 41. f4 a3 42. g4 Bf6 43. Kc1 Bb2+ 44. Kb1 Kc3 45. g5 hxg5
46. fxg5 Kd4 47. Ra7 Ke4 48. c4 Kd4 49. Ra4 Kc3 50. Ka2 Kd4 51. h4 Kc5 52. h5
Bc1 53. h6 gxh6 54. g6 Bb2 55. Rxa3 1-0

[Event "9. Lichtenberger Sommer 2010"]
[Site "Berlin"]
[Date "2010.08.14"]
[Round "8.99"]
[White "Lippianowski, Stefan"]
[Black "Trotzke, Johannes"]
[Result "0-1"]
[WhiteElo "1301"]
[BlackElo "1234"]
[PlyCount "60"]
[EventDate "2010.??.??"]
[WhiteTeam "Treptower SV 1949 e.V."]
[BlackTeam "KSC Strausberg Abt. Schach"]

1. e4 e6 2. d4 d5 3. Nc3 dxe4 4. Nxe4 Nd7 5. Nf3 Ngf6 6. Nc3 Bb4 7. a3 Ba5 8.
b4 Bb6 9. a4 a5 10. b5 O-O 11. Bc4 Qe7 12. O-O e5 13. Re1 e4 14. Ba3 c5 15. Nd5
Nxd5 16. Bxd5 Nf6 17. c4 Nxd5 18. cxd5 Re8 19. Ne5 Qg5 20. Rxe4 Bh3 21. g3 f6
22. f4 Qh6 23. dxc5 fxe5 24. cxb6 Qxb6+ 25. Kh1 exf4 26. Rxf4 g5 27. Rd4 Qf6
28. Qd3 Qf2 29. Rg1 Bg2+ 30. Rxg2 Re1+ 0-1

[Event "9. Lichtenberger Sommer 2010"]
[Site "Berlin"]
[Date "2010.08.15"]
[Round "9.21"]
[White "Reichenbach, Werner"]
[Black "Krajewski, Wolfgang"]
[Result "1-0"]
[WhiteElo "2269"]
[BlackElo "2098"]
[PlyCount "129"]
[EventDate "2010.??.??"]
[WhiteTeam "SK Zehlendorf e.V."]
[BlackTeam "SK Zehlendorf e.V."]

1. e4 c5 2. Nf3 d6 3. c3 Nf6 4. Be2 g6 5. O-O Bg7 6. Re1 O-O 7. Bf1 e5 8. d4
cxd4 9. cxd4 exd4 10. Nxd4 Nc6 11. h3 d5 12. Nxc6 bxc6 13. Nc3 Nxe4 14. Nxe4
dxe4 15. Qa4 Bb7 16. Be3 Qc7 17. Qxe4 Rfe8 18. Qc2 Bc8 19. Bf4 Qd7 20. Bc4 Bb7
21. Red1 Qe7 22. Bd6 Qf6 23. Qb3 Bc8 24. Rd2 Be6 25. Bg3 h5 26. h4 Qf5 27. Rad1
c5 28. Rd3 Bxc4 29. Qxc4 Bxb2 30. Rd5 Qe6 31. Qxc5 Rec8 32. Qb5 Bg7 33. a4 Qb6
34. Qd3 Rc5 35. Rd7 Rac8 36. Kh2 Rc4 37. Qd5 Qf6 38. Rxa7 R4c5 39. Qd7 Bh6 40.
Rd6 Qf5 41. a5 Bf4 42. Qxf5 Bxg3+ 43. Kxg3 Rxf5 44. a6 Rc2 45. f3 Ra5 46. Rd8+
Kg7 47. Rdd7 Rf5 48. Rab7 Ra2 49. a7 g5 50. hxg5 Ra4 51. Kh3 Kg6 52. Rd8 Rfa5
53. Rg8+ Kh7 54. Rf8 Kg6 55. Rfxf7 Kxg5 56. Rb6 Ra3 57. Rg7+ Kf5 58. Rh6 Kf4
59. a8=Q Rxa8 60. Rxh5 Ra1 61. Rg4+ Ke3 62. Kg3 Re8 63. Rb5 Ra3 64. Rgg5 Re7
65. Rge5+ 1-0

[Event "9. Lichtenberger Sommer 2010"]
[Site "Berlin"]
[Date "2010.08.15"]
[Round "9.22"]
[White "Poseck, Steffen"]
[Black "Förster, Jonas"]
[Result "0-1"]
[WhiteElo "2064"]
[BlackElo "2204"]
[PlyCount "74"]
[EventDate "2010.??.??"]
[WhiteTeam "BSV 63 Chemie Weißensee"]
[BlackTeam "SSC Rostock 07"]

1. d4 Nf6 2. Bg5 e6 3. Nf3 b6 4. e3 Bb7 5. Bd3 Be7 6. Nbd2 d5 7. O-O Nbd7 8. c4
O-O 9. Rc1 c5 10. cxd5 exd5 11. Re1 Ne4 12. Bxe7 Qxe7 13. Nf1 f5 14. Bb5 Ndf6
15. Ne5 Qd6 16. f3 Ng5 17. Qd3 g6 18. Qa3 a6 19. Be2 Ne6 20. g3 Rfd8 21. Red1
Rac8 22. b3 b5 23. Qb2 cxd4 24. exd4 f4 25. a4 b4 26. Qd2 Rxc1 27. Rxc1 Qb6 28.
Rd1 Nh5 29. Qd3 Nhg7 30. Nxg6 hxg6 31. Qxg6 Rd6 32. Qd3 Rc6 33. Rd2 Qd8 34. Bd1
Qf6 35. Bc2 Kf7 36. g4 Rc3 37. Qh7 Ng5 0-1

[Event "9. Lichtenberger Sommer 2010"]
[Site "Berlin"]
[Date "2010.08.15"]
[Round "9.23"]
[White "Müller, Peter"]
[Black "Meißner, Hans-Jürgen"]
[Result "0-1"]
[WhiteElo "2013"]
[BlackElo "2255"]
[PlyCount "48"]
[EventDate "2010.??.??"]
[WhiteTeam "SV Berolina Mitte e.V."]
[BlackTeam "SV Empor Berlin e.V."]

1. e4 c5 2. Nf3 d6 3. d4 cxd4 4. Nxd4 Nf6 5. Nc3 a6 6. Be2 e6 7. Be3 Be7 8. O-O
O-O 9. f4 Nc6 10. Qe1 Nxd4 11. Bxd4 b5 12. Bf3 Bb7 13. a3 Nd7 14. Qg3 e5 15.
Be3 Bf6 16. Rad1 Qc7 17. Nd5 Bxd5 18. Rxd5 Nb6 19. f5 Nxd5 20. exd5 Qxc2 21.
Qg4 Rac8 22. Bh6 Rc4 23. Qg3 Kh8 24. Be3 Qxb2 0-1

[Event "9. Lichtenberger Sommer 2010"]
[Site "Berlin"]
[Date "2010.08.15"]
[Round "9.24"]
[White "Kirchhof, Arno"]
[Black "Rohde, Wolfgang"]
[Result "1/2-1/2"]
[WhiteElo "2048"]
[BlackElo "2166"]
[PlyCount "29"]
[EventDate "2010.??.??"]
[WhiteTeam "SC Zugzwang 95 e.V."]
[BlackTeam "SC Friesen Lichtenberg e.V."]

1. f4 e5 2. fxe5 d6 3. exd6 Nc6 4. Nf3 Bxd6 5. d4 Bg4 6. g3 Bxf3 7. exf3 Nxd4
8. Be3 Nf5 9. Qe2 Nf6 10. Bf2+ Qe7 11. Nd2 Qxe2+ 12. Bxe2 O-O-O 13. O-O-O Rhe8
14. h4 a6 15. Rhe1 1/2-1/2

[Event "9. Lichtenberger Sommer 2010"]
[Site "Berlin"]
[Date "2010.08.15"]
[Round "9.25"]
[White "Schleich, Theodor"]
[Black "Schildt, René"]
[Result "1-0"]
[WhiteElo "2128"]
[BlackElo "1973"]
[PlyCount "43"]
[EventDate "2010.??.??"]
[WhiteTeam "FC Bayern München e.V."]
[BlackTeam "SC Zugzwang 95 e.V."]

1. d4 d5 2. Bg5 Nd7 3. e3 c6 4. c4 Qa5+ 5. Nc3 e6 6. Nf3 Ngf6 7. a3 Ne4 8. Rc1
Nxg5 9. Nxg5 Qd8 10. f4 h6 11. Nf3 Nf6 12. c5 Be7 13. Bd3 Bd7 14. O-O O-O 15.
Ne5 b6 16. b4 bxc5 17. bxc5 Rb8 18. Kh1 g5 19. fxg5 hxg5 20. Rxf6 Kg7 21. Qh5
Rh8 22. Qxf7# 1-0

[Event "9. Lichtenberger Sommer 2010"]
[Site "Berlin"]
[Date "2010.08.15"]
[Round "9.26"]
[White "Penner, Markus"]
[Black "Elsing, Jan"]
[Result "1/2-1/2"]
[WhiteElo "1921"]
[BlackElo "2140"]
[PlyCount "103"]
[EventDate "2010.??.??"]
[WhiteTeam "SK Zehlendorf e.V."]
[BlackTeam "SC Friesen Lichtenberg e.V."]

1. e4 Nf6 2. e5 Nd5 3. d4 d6 4. Nf3 g6 5. Bc4 c6 6. O-O Bg7 7. h3 O-O 8. Qe2 a5
9. a3 b6 10. Rd1 Nc7 11. Be3 d5 12. Bd3 Ba6 13. Bxa6 Nbxa6 14. c4 Qd7 15. Nc3
Ne6 16. cxd5 cxd5 17. Qb5 Qxb5 18. Nxb5 Rac8 19. Rac1 Rfd8 20. Na7 Ra8 21. Nc6
Rd7 22. Rc2 Bf8 23. Rdc1 h6 24. b4 axb4 25. Nxb4 Nxb4 26. axb4 b5 27. Rc8 Rxc8
28. Rxc8 Kg7 29. Rb8 Nc7 30. Bxh6+ Kxh6 31. Rxf8 Kg7 32. Rb8 f6 33. Rb7 Kf7 34.
Kf1 e6 35. Ke2 Re7 36. exf6 Kxf6 37. Ne5 g5 38. Nc6 Rf7 39. Na7 Na6 40. Rxf7+
Kxf7 41. Nxb5 Nxb4 42. g3 Kf6 43. f4 gxf4 44. gxf4 Nc2 45. Kd2 Nb4 46. h4 Nc6
47. Ke3 Ne7 48. Kf3 Nf5 49. h5 Kg7 50. Kg4 Kh6 51. Nc7 Nxd4 52. f5 1/2-1/2

[Event "9. Lichtenberger Sommer 2010"]
[Site "Berlin"]
[Date "2010.08.15"]
[Round "9.27"]
[White "Amelang, Thomas"]
[Black "Weyers, Guido"]
[Result "1-0"]
[WhiteElo "2153"]
[BlackElo "1985"]
[PlyCount "79"]
[EventDate "2010.??.??"]
[WhiteTeam "SK Siemens München"]
[BlackTeam "SC Weisse Dame e.V."]

1. e4 c6 2. d4 d5 3. e5 c5 4. c3 Nc6 5. Be3 cxd4 6. cxd4 Bf5 7. Nc3 e6 8. Bb5
Bb4 9. Rc1 Nge7 10. Nge2 O-O 11. O-O a6 12. Bxc6 Nxc6 13. Ng3 Bg6 14. Nce2 Rc8
15. Nf4 Qh4 16. Qb3 Rc7 17. Rxc6 Rxc6 18. Nxg6 hxg6 19. Qxb4 b5 20. Ne2 Rfc8
21. Nf4 Qd8 22. Nd3 Rc4 23. Qb3 R4c6 24. Nc5 Qb6 25. Bd2 a5 26. a3 Ra8 27. Qg3
Qd8 28. Re1 Qe8 29. Qh4 b4 30. a4 Rac8 31. Be3 Qd8 32. Qg4 Qe8 33. Bg5 R8c7 34.
h4 Rxc5 35. dxc5 Qxa4 36. Qd4 Qb3 37. Rc1 Qa2 38. c6 Qa4 39. Qb6 Rc8 40. Qb7
1-0

[Event "9. Lichtenberger Sommer 2010"]
[Site "Berlin"]
[Date "2010.08.15"]
[Round "9.28"]
[White "Perestjuk, Marko"]
[Black "Hüttemann, Ralf"]
[Result "0-1"]
[WhiteElo "1918"]
[BlackElo "2068"]
[PlyCount "83"]
[EventDate "2010.??.??"]
[WhiteTeam "SC Zitadelle Spandau 1977 e.V."]
[BlackTeam "Schachfreunde Battenberg"]

1. e4 Nf6 2. e5 Nd5 3. d4 d6 4. c4 Nb6 5. f4 dxe5 6. fxe5 Nc6 7. Be3 Bf5 8. Nc3
e6 9. Nf3 Be7 10. Be2 O-O 11. O-O f6 12. exf6 Bxf6 13. Qd2 Qd7 14. Rad1 Rad8
15. h3 Qc8 16. g4 Bg6 17. Qe1 Rd7 18. g5 Bd8 19. Nh4 Rxf1+ 20. Qxf1 Rf7 21. Qg2
Ne7 22. Nxg6 hxg6 23. d5 Nf5 24. Bf2 Be7 25. c5 Nxd5 26. Nxd5 exd5 27. Qxd5 b5
28. Bxb5 Ne3 29. Bxe3 Qxh3 30. Bf2 Qg4+ 31. Kf1 Qf4 32. Rd2 c6 33. Bxc6 Kh8 34.
Qh1+ Kg8 35. Qd5 Kh8 36. Qh1+ Kg8 37. Re2 Qxg5 38. Bd5 Qc1+ 39. Re1 Qf4 40.
Bxf7+ Qxf7 41. Qe4 Qxa2 42. Qe6+ 0-1

[Event "9. Lichtenberger Sommer 2010"]
[Site "Berlin"]
[Date "2010.08.15"]
[Round "9.29"]
[White "Simon, Ralf-Axel"]
[Black "Walter, Günter"]
[Result "1-0"]
[WhiteElo "2206"]
[BlackElo "2017"]
[PlyCount "55"]
[EventDate "2010.??.??"]
[WhiteTeam "TSG Neuruppin"]
[BlackTeam "TSG Oberschöneweide e.V."]

1. d4 Nf6 2. Nf3 e6 3. e3 c5 4. Bd3 Na6 5. c3 b6 6. a3 Be7 7. e4 c4 8. Bxc4 Bb7
9. Qe2 Qc8 10. Bd3 O-O 11. Bg5 h6 12. Bh4 Re8 13. Nbd2 Nh5 14. Qe3 Bxh4 15.
Nxh4 g5 16. Nhf3 Nf4 17. O-O Nxd3 18. Qxd3 Nc7 19. Rfe1 d5 20. h4 Ba6 21. Qe3
dxe4 22. Nxe4 Nd5 23. Qd2 Qc7 24. hxg5 hxg5 25. Qxg5+ Kh7 26. Nf6+ Nxf6 27.
Qxf6 Rh8 28. Re4 1-0

[Event "9. Lichtenberger Sommer 2010"]
[Site "Berlin"]
[Date "2010.08.15"]
[Round "9.31"]
[White "Kramer, Wolfgang"]
[Black "Hahlbohm, Matthias"]
[Result "0-1"]
[WhiteElo "2034"]
[BlackElo "2095"]
[PlyCount "64"]
[EventDate "2010.??.??"]
[WhiteTeam "SG Schönbuch"]
[BlackTeam "TSG Oberschöneweide e.V."]

1. e4 c5 2. a3 d5 3. exd5 Qxd5 4. Nc3 Qd8 5. Bc4 Nf6 6. Nf3 Nc6 7. b4 e6 8.
bxc5 Bxc5 9. Rb1 O-O 10. O-O a6 11. d3 b5 12. Ba2 h6 13. Re1 Bb7 14. Ne2 Qc7
15. c3 e5 16. Ng3 Rad8 17. Qc2 Rd7 18. a4 bxa4 19. Qxa4 Rxd3 20. Qc4 Rd5 21.
Ne4 Nxe4 22. Qxe4 Rd7 23. Rxb7 Qxb7 24. Bb1 g6 25. Bxh6 Re8 26. Ba2 Rd6 27. Ng5
Re7 28. Rb1 Qd7 29. h4 Qf5 30. h5 Qxf2+ 31. Kh1 Qxa2 32. hxg6 Rxg6 0-1

[Event "9. Lichtenberger Sommer 2010"]
[Site "Berlin"]
[Date "2010.08.15"]
[Round "9.32"]
[White "Hertwig, Christopher"]
[Black "Bandlow, Matthias"]
[Result "1-0"]
[WhiteElo "2086"]
[BlackElo "2004"]
[PlyCount "91"]
[EventDate "2010.??.??"]
[WhiteTeam "SK König Tegel 1949 e.V."]
[BlackTeam "SC Borussia Friedrichsfelde 1920"]

1. e4 c5 2. Nf3 d6 3. d3 Nf6 4. g3 e6 5. Bg2 Be7 6. O-O O-O 7. Nbd2 Nc6 8. b3
Qc7 9. Bb2 b6 10. Nc4 Bb7 11. Nfd2 d5 12. Ne3 d4 13. Ng4 e5 14. f4 Rae8 15. f5
Bc8 16. Nxf6+ Bxf6 17. Nf3 Qe7 18. Bc1 g5 19. h3 Kh8 20. Nh2 Bg7 21. Qh5 f6 22.
h4 gxh4 23. Qxh4 Rg8 24. Bf3 Rd8 25. Bh5 Rd6 26. Ng4 Bd7 27. Bg6 Bf8 28. Qh5
Rxg6 29. fxg6 Bxg4 30. Qxg4 h6 31. Rf2 Bg7 32. Rh2 Qf8 33. Kg2 Ne7 34. Bxh6
Bxh6 35. Rxh6+ Qxh6 36. Rh1 Qxh1+ 37. Kxh1 Kg7 38. Kg2 a5 39. a4 Nxg6 40. Qc8
Kh6 41. Kf3 Kg5 42. Qf5+ Kh6 43. Kg4 Kg7 44. Qc8 Kh6 45. Qe8 Kg7 46. Kf5 1-0

[Event "9. Lichtenberger Sommer 2010"]
[Site "Berlin"]
[Date "2010.08.15"]
[Round "9.33"]
[White "Muskewitz, Bernd"]
[Black "Badestein, Hartmut"]
[Result "1/2-1/2"]
[WhiteElo "2017"]
[BlackElo "2159"]
[PlyCount "88"]
[EventDate "2010.??.??"]
[WhiteTeam "TSG Oberschöneweide e.V."]
[BlackTeam "SC Friesen Lichtenberg e.V."]

1. d4 Nf6 2. g3 g6 3. Bg2 Bg7 4. Nf3 O-O 5. O-O d6 6. b3 Nbd7 7. Bb2 e5 8. dxe5
Ng4 9. Nbd2 Ngxe5 10. Rb1 a5 11. Nxe5 Nxe5 12. Nf3 Qe7 13. Nxe5 dxe5 14. e3 c6
15. a4 Rd8 16. Qe2 h5 17. h3 Bf5 18. e4 Be6 19. Rbd1 Rac8 20. Rxd8+ Rxd8 21.
Rd1 Rd7 22. Rd3 b5 23. Bc3 b4 24. Be1 Qd8 25. Rxd7 Qxd7 26. Qd2 Bf8 27. Qxd7
Bxd7 28. Kf1 Be6 29. Ke2 Bc5 30. Bd2 Kf8 31. Be3 Bxe3 32. Kxe3 Ke7 33. h4 c5
34. Bf3 c4 35. Bd1 Kd6 36. f4 cxb3 37. cxb3 f6 38. Bc2 Bf7 39. Bd1 Kc5 40. fxe5
fxe5 41. Bc2 Be6 42. Bd1 Bd7 43. Kd3 Bh3 44. Be2 Bg2 1/2-1/2

[Event "9. Lichtenberger Sommer 2010"]
[Site "Berlin"]
[Date "2010.08.15"]
[Round "9.34"]
[White "Mai, Andreas"]
[Black "Krefenstein, Sergej"]
[Result "0-1"]
[WhiteElo "1949"]
[BlackElo "2045"]
[PlyCount "188"]
[EventDate "2010.??.??"]
[WhiteTeam "SC Friesen Lichtenberg e.V."]
[BlackTeam "vereinslos"]

1. e4 c5 2. Nf3 d6 3. d4 cxd4 4. Nxd4 Nf6 5. Nc3 Nc6 6. Bc4 Qb6 7. Nxc6 bxc6 8.
O-O e6 9. Rb1 Be7 10. Bf4 Qc7 11. Re1 e5 12. Bg5 h6 13. Be3 Ng4 14. Qf3 O-O 15.
Bd2 Kh8 16. h3 Nf6 17. Qg3 Be6 18. Bxe6 fxe6 19. Qg6 Qd7 20. Rbd1 Qe8 21. Qg3
Nh5 22. Qg4 Qf7 23. Re2 Nf4 24. Re3 Qg6 25. Qxg6 Nxg6 26. Ne2 d5 27. Rg3 Kh7
28. Rb3 Rab8 29. Be3 d4 30. Bd2 c5 31. Rxb8 Rxb8 32. b3 Bd6 33. c4 Ne7 34. Nc1
Nc6 35. Nd3 a5 36. Rb1 Kg6 37. f3 Kf6 38. Kf2 Ke7 39. Ke2 Kd7 40. Rb2 Be7 41.
Rb1 Kd6 42. g3 Kc7 43. Kd1 Rf8 44. Ke2 Kd6 45. Rg1 Rf7 46. h4 Nb4 47. Bxb4 axb4
48. h5 Bg5 49. g4 Be3 50. Rg2 Ra7 51. Kf1 Bf4 52. Re2 Ra5 53. Rg2 Ke7 54. Rc2
Kf6 55. Kg2 g6 56. hxg6 Kxg6 57. Kh3 Kg5 58. Rb2 h5 59. gxh5 Kxh5 60. Rg2 Kh6
61. Nf2 Kh5 62. Ng4 Ra8 63. Nf6+ Kh6 64. Nd7 Rc8 65. Rg1 d3 66. Rd1 d2 67. Kg2
Kg5 68. Kf2 Rc7 69. Rg1+ Kh6 70. Nb6 Bg5 71. Ke2 Kg6 72. Na4 Kf6 73. Kd1 Be3
74. Rg2 Rh7 75. Rxd2 Bxd2 76. Kxd2 Rc7 77. Ke2 Ke7 78. Ke3 Kd6 79. Kf2 Kc6 80.
Ke3 Rh7 81. Nb2 Rh2 82. Nd3 Rxa2 83. Nxe5+ Kd6 84. Nd3 Rc2 85. e5+ Kc6 86. Nf4
Rc3+ 87. Ke4 Kd7 88. Nd3 Kc6 89. Nf4 Rxb3 90. Nxe6 Rc3 91. Nd8+ Kd7 92. Nb7 Ke7
93. Nxc5 Rxc4+ 94. Kd5 Rxc5+ 0-1

[Event "9. Lichtenberger Sommer 2010"]
[Site "Berlin"]
[Date "2010.08.15"]
[Round "9.35"]
[White "Strobel, Norbert"]
[Black "Richter, Götz"]
[Result "0-1"]
[WhiteElo "1986"]
[BlackElo "2072"]
[PlyCount "54"]
[EventDate "2010.??.??"]
[WhiteTeam "SK Zirndorf e.V."]
[BlackTeam "Klub Kölner Schachfreunde e.V. 1"]

1. d4 Nf6 2. Nf3 e6 3. e3 b6 4. Bd3 Bb7 5. O-O c5 6. c4 Be7 7. Nc3 O-O 8. b3
cxd4 9. exd4 d5 10. Bb2 Nc6 11. Rc1 Nb4 12. Bb1 Rc8 13. a3 Nc6 14. Ne5 dxc4 15.
Nxc6 Rxc6 16. Ne4 Qd5 17. f3 cxb3 18. Qd3 g6 19. Rxc6 Bxc6 20. Rc1 a5 21. Qa6
Qb5 22. Qxb5 Bxb5 23. Rc7 Nd5 24. Rc1 Ba6 25. Kf2 f5 26. Nc3 Bg5 27. Re1 Bd2
0-1

[Event "9. Lichtenberger Sommer 2010"]
[Site "Berlin"]
[Date "2010.08.15"]
[Round "9.36"]
[White "Bergmann, Jens"]
[Black "Schwarz, Oliver"]
[Result "0-1"]
[WhiteElo "1949"]
[BlackElo "2114"]
[PlyCount "59"]
[EventDate "2010.??.??"]
[WhiteTeam "SK Tempelhof 1931 e.V."]
[BlackTeam "SV Bad Schwartau von 1930"]

1. e4 c5 2. g3 Nc6 3. Bg2 g6 4. Ne2 Bg7 5. c3 e5 6. O-O Nge7 7. d3 d6 8. Be3
O-O 9. Qc1 Be6 10. Rd1 Rc8 11. Bh6 b5 12. Qe3 Qb6 13. Bxg7 Kxg7 14. d4 cxd4 15.
cxd4 Nxd4 16. Nxd4 exd4 17. Qxd4+ Qxd4 18. Rxd4 Rc1+ 19. Bf1 Bc4 20. Rxc4 bxc4
21. Kg2 Rb8 22. b3 c3 23. Nxc3 Rxa1 24. Bc4 a5 25. Nd5 Nxd5 26. Bxd5 Rxa2 27.
h4 Rd2 28. Kf3 Rxd5 29. exd5 Rxb3+ 30. Ke2 0-1

[Event "9. Lichtenberger Sommer 2010"]
[Site "Berlin"]
[Date "2010.08.15"]
[Round "9.37"]
[White "Ewald, Patrick"]
[Black "Heuser, Philip"]
[Result "0-1"]
[WhiteElo "1890"]
[BlackElo "2108"]
[PlyCount "82"]
[EventDate "2010.??.??"]
[WhiteTeam "vereinslos"]
[BlackTeam "SG Heidelberg-Kirchheim"]

1. e4 c6 2. d3 d5 3. Nd2 e5 4. Ngf3 Bd6 5. g3 Nf6 6. Bg2 O-O 7. exd5 cxd5 8.
O-O Bg4 9. Qe1 Re8 10. h3 Bh5 11. Nh2 Qc7 12. c4 Nc6 13. Nb3 Nb4 14. Qd2 Rad8
15. a3 Nxd3 16. Qxd3 dxc4 17. Qe3 cxb3 18. Qxa7 b5 19. Qe3 Qc4 20. g4 Bg6 21.
Re1 Bc5 22. Qg3 Bd4 23. Bf1 Qd5 24. Bg2 e4 25. Nf1 Be5 26. Qe3 Qd3 27. Nd2 Bd4
28. Qxd3 exd3 29. Rf1 h5 30. Bc6 Re2 31. Bxb5 hxg4 32. h4 g3 33. Ba6 gxf2+ 34.
Kh1 Ne4 35. Kg2 Nxd2 36. Bxd2 Rxd2 37. a4 Rxb2 38. Ra3 Bc5 39. Raa1 Ra2 40. a5
Rxa1 41. Rxa1 d2 0-1

[Event "9. Lichtenberger Sommer 2010"]
[Site "Berlin"]
[Date "2010.08.15"]
[Round "9.38"]
[White "Albrecht, Rainer"]
[Black "Kuhn, Christian"]
[Result "1/2-1/2"]
[WhiteElo "2141"]
[BlackElo "2009"]
[PlyCount "33"]
[EventDate "2010.??.??"]
[WhiteTeam "SC Kreuzberg e.V."]
[BlackTeam "TSV Amorbach 1863 e.V."]

1. d4 Nf6 2. c4 g6 3. Nc3 Bg7 4. e4 d6 5. Nge2 O-O 6. Ng3 e5 7. d5 Ne8 8. h4 f5
9. exf5 gxf5 10. Nh5 Nf6 11. Bg5 Qe8 12. Nxg7 Kxg7 13. Qd2 Kh8 14. O-O-O Nbd7
15. Be2 a6 16. f3 Nc5 17. Kb1 1/2-1/2

[Event "9. Lichtenberger Sommer 2010"]
[Site "Berlin"]
[Date "2010.08.15"]
[Round "9.39"]
[White "Kapr, Klaus"]
[Black "Barwich, Alfred"]
[Result "1-0"]
[WhiteElo "2046"]
[BlackElo "1909"]
[PlyCount "53"]
[EventDate "2010.??.??"]
[WhiteTeam "SC Friesen Lichtenberg e.V."]
[BlackTeam "SV Berolina Mitte e.V."]

1. e4 e5 2. Nf3 d6 3. d4 Nf6 4. Nc3 Nbd7 5. Bc4 Be7 6. O-O c6 7. Bb3 Qc7 8. Ng5
O-O 9. f4 a6 10. Be3 b5 11. dxe5 dxe5 12. a3 h6 13. Nh3 Bc5 14. Qe2 Ng4 15.
Bxc5 Nxc5 16. Ba2 Nf6 17. f5 Qb6 18. Nf2 a5 19. Kh1 Ba6 20. b4 axb4 21. axb4
Na4 22. Qf3 Nxc3 23. Qxc3 Rad8 24. Qxe5 Rd2 25. Qg3 Qd4 26. c3 Nxe4 27. cxd4
1-0

[Event "9. Lichtenberger Sommer 2010"]
[Site "Berlin"]
[Date "2010.08.15"]
[Round "9.40"]
[White "Getzuhn, Detlef"]
[Black "Sabrowski, Uwe"]
[Result "0-1"]
[WhiteElo "1934"]
[BlackElo "2080"]
[PlyCount "46"]
[EventDate "2010.??.??"]
[WhiteTeam "SV Senat"]
[BlackTeam "SC Friesen Lichtenberg e.V."]

1. e4 c5 2. Nf3 Nc6 3. c4 e6 4. Nc3 Nf6 5. Be2 d5 6. exd5 exd5 7. d4 Be6 8. Bg5
Be7 9. dxc5 d4 10. Bxf6 Bxf6 11. Ne4 Be7 12. Qd2 b6 13. Nd6+ Kf8 14. Nxd4 Nxd4
15. Qxd4 bxc5 16. Qe4 Bxd6 17. O-O-O Qg5+ 18. Rd2 Rd8 19. g3 Bxg3 20. hxg3
Qxd2+ 21. Kb1 g6 22. Qe5 Bf5+ 23. Ka1 Qd4 0-1

[Event "9. Lichtenberger Sommer 2010"]
[Site "Berlin"]
[Date "2010.08.15"]
[Round "9.41"]
[White "Welz, Peter"]
[Black "Schlittermann, Wolfgang"]
[Result "1-0"]
[WhiteElo "2162"]
[BlackElo "1683"]
[PlyCount "119"]
[EventDate "2010.??.??"]
[WhiteTeam "SV Empor Berlin e.V."]
[BlackTeam "SK Gilette"]

1. e4 c5 2. Nc3 Nc6 3. g3 g6 4. Bg2 Bg7 5. d3 d6 6. Be3 e5 7. f4 Nge7 8. Nf3
exf4 9. gxf4 Qb6 10. Rb1 Qd8 11. O-O Be6 12. a3 b6 13. Ne2 O-O 14. d4 cxd4 15.
Nexd4 Nxd4 16. Nxd4 Rc8 17. f5 gxf5 18. Qh5 fxe4 19. Bxe4 Ng6 20. Nf3 f6 21.
Nh4 f5 22. Nxf5 Bxf5 23. Bxf5 Rc7 24. Rf3 Qf6 25. Rh3 Bh8 26. Bxg6 Qxg6+ 27.
Rg3 Be5 28. Rxg6+ hxg6 29. Qg4 Rh7 30. h3 Rhf7 31. c3 Rf3 32. Qxg6+ Kh8 33.
Qh6+ Kg8 34. Kh1 R8f6 35. Rg1+ Kf7 36. Rg7+ Ke6 37. Rg6 Kd5 38. Rxf6 Rxf6 39.
Qg5 Kc4 40. Qg8+ Kd3 41. Bg5 Rf2 42. Qh7+ Kc4 43. Qe4+ Kb3 44. Qb4+ Ka2 45. h4
Rxb2 46. Qc4+ Ka1 47. Qc7 a5 48. a4 Rb3 49. Kg2 Rb2+ 50. Kf3 Rb3 51. Kg4 Rxc3
52. Qxb6 Rc4+ 53. Kf5 Rxa4 54. h5 Ra2 55. Qg1+ Kb2 56. h6 Kb3 57. h7 Ra4 58.
Qd1+ Kb4 59. Qxa4+ Kxa4 60. Bf6 1-0

[Event "9. Lichtenberger Sommer 2010"]
[Site "Berlin"]
[Date "2010.08.15"]
[Round "9.42"]
[White "Strehlow, Horst"]
[Black "Streit, Jürgen"]
[Result "0-1"]
[WhiteElo "2101"]
[BlackElo "1946"]
[PlyCount "78"]
[EventDate "2010.??.??"]
[WhiteTeam "SC Friesen Lichtenberg e.V."]
[BlackTeam "Schachzirkel Elstertal Langenber"]

1. e4 c5 2. Nf3 e6 3. d4 cxd4 4. Nxd4 a6 5. Bd3 Nf6 6. O-O d6 7. c4 Be7 8. Nc3
Qc7 9. Kh1 Nc6 10. Nxc6 bxc6 11. Qe2 e5 12. f3 h5 13. Bg5 h4 14. Rae1 Nh5 15.
Be3 Qd8 16. f4 exf4 17. Bxf4 Bg5 18. e5 Bxf4 19. exd6+ Be6 20. Bf5 Qxd6 21. Ne4
Qe5 22. Qf3 Kf8 23. Bxe6 Qxe6 24. Ng5 Qf6 25. Nh3 g5 26. Qe4 Kg7 27. Qf3 Rab8
28. b3 Rbd8 29. Re2 Qf5 30. Qxc6 Ng3+ 31. hxg3 hxg3 32. Qf3 Rd3 33. Qe4 Rxh3+
34. gxh3 g2+ 35. Qxg2 Rxh3+ 36. Kg1 Rh2 37. Qf3 Rh3 38. Qg2 Qc5+ 39. Qf2 Rg3+
0-1